Aproximación a la historia de España / (Registro nro. 9106)

Detalles MARC
000 -LIDER
fixed length control field 00837nam a22002657a 4500
001 - NÚMERO DE CONTROL
Identificador de número de control 00260
003 - IDENTIFICACDOR DE NÚMERO DE CONTROL
control field DO-SdBNP
005 - DATE AND TIME OF LATEST TRANSACTION
control field 20171214105243.0
008 - ELEMENTOS DE LONGITUD FIJA
fixed length control field 151214b 1970 sp xxu||||| |||| 00| 0 spa d
040 ## - FUENTE DE CATALOGACIÓN
Agencia que crea de manera original el registro BPMSU
Idioma de catalogación spa
Agencia que realiza la transcripción BPMSU
092 ## - LOCALLY ASSIGNED DEWEY DECIMAL CALL NUMBER
Número de clasificación xxxxx
Número de ítem (Cutter) xxxxx
100 1# - ASIENTO PRINCIPAL -- NOMBRE PERSONAL
Nombre personal Vicens Vives, Jaime,
Fechas asociadas con el nombre 1910-1960.
245 10 - MENCIÓN DE TITULO
Título Aproximación a la historia de España /
Mención de responsabilidad Jaime Vicens Vives ; Prólogo de E. Giralt y Raventos.
260 ## - PUBLICACIÓN, DISTRIBUCIÓN, ETC. (PIE DE IMPRENTA)
Lugar de publicación, distribución, etc Barcelona :
Nombre del editor, distribuidor, etc. Salvat Editores,
Fecha de publicación, distribución, etc 1970.
300 ## - DESCRIPCIÓN FÍSICA
Extensión 185 p. :
Otros detalles físicos il., mapas ;
Dimensiones 19 cm.
490 1# - MENCIÓN DE SERIES
Mención de serie Libro RTV
Volume/sequential designation ; 57
490 1# - MENCIÓN DE SERIES
Mención de serie Biblioteca Básica Salvat
700 12 - ASIENTO SECUNDARIO -- NOMBRE PERSONAL
Nombre personal Giralt y Raventós, Emili,
Mención de responsabilidad Pról.
830 #0 - ASIENTO SECUNDARIO DE SERIE--TÍTULO UNIFORME
Título uniforme Libro RTV
Número de la parte o sección de una obra ; 57
830 #0 - ASIENTO SECUNDARIO DE SERIE--TÍTULO UNIFORME
Título uniforme Biblioteca Básica Salvat
910 ## - VALIDACIÓN
Validación 00260
942 ## - ADDED ENTRY ELEMENTS (KOHA)
Source of classification or shelving scheme Dewey Decimal Classification
Koha item type Libros
945 ## - INFORMACIÓN DE PROCESAMIENTO LOCAL
Información de procesamiento local inventariado extranjero / DG
956 ## - LOCAL ELECTRONIC LOCATION AND ACCESS (OCLC)
Nombre de host Lorenza Pérez
Número de acceso 10
Existencias
Withdrawn status Lost status Source of classification or shelving scheme Damaged status Not for loan Collection code Home library Current library Date acquired Source of acquisition Total Checkouts Barcode Date last seen Price effective from Koha item type
    Dewey Decimal Classification     Colección General Biblioteca Pública Metropolitana Salomé Ureña Biblioteca Pública Metropolitana Salomé Ureña 12/14/2015 Donación   BPMSU15120145 12/14/2015 12/14/2015 Libros